[Event "Mondiale Semilampo FIDE 2024"]
[Site "New York"]
[Date "26.12.2024"]
[Round "1.84"]
[White "Durarbayli, Vasif"]
[Black "Pereira, Fabian"]
[Result "1-0"]
[WhiteTitle "GM"]
[BlackTitle "CM"]
[WhiteElo "2622"]
[BlackElo "2123"]
[WhiteFideId "13402935"]
[BlackFideId "3701263"]
[EventDate "26.12.2024"]

1. e4 c5 2. Nf3 e6 3. d4 cxd4 4. Nxd4 a6 5. c4 Nf6 6. Nc3 Bb4 7. f3 Qc7 8. Nc2
Bd6 9. g3 Be5 10. Qd3 O-O 11. Bg2 d5 12. cxd5 exd5 13. exd5 Qb6 14. Qe3 Bxc3+
15. Qxc3 Re8+ 16. Kf1 Nxd5 17. Qb3 Qe6 18. Bg5 Qf5 19. h4 Nc6 20. g4 Qg6 21.
Qxd5 Qxc2 22. Qd2 Qc4+ 23. Kf2 Be6 24. Rhe1 f6 25. Re4 Qb5 26. Bf1 Qb6+ 27. Be3
Qc7 28. Bf4 Qb6+ 29. Kg2 Rad8 30. Qf2 Qxf2+ 31. Kxf2 Kf8 32. Be3 Ne5 33. b3 Bd5
34. Rf4 Kg8 35. Rd1 Bc6 36. Rxd8 Rxd8 37. Kg3 Rd1 38. Be2 Ra1 39. a4 Ra2 40. Bf1
Ra1 41. Bh3 Re1 42. Ba7 Rd1 43. g5 Kf7 44. gxf6 gxf6 45. Bd4 Nxf3 46. Bxf6 Rd3
47. Bf1 Rd6 48. Be5+ 1-0

[Event "Mondiale Semilampo FIDE 2024"]
[Site "New York"]
[Date "26.12.2024"]
[Round "1.85"]
[White "Soo, Kai Jie"]
[Black "Woodward, Andy"]
[Result "0-1"]
[WhiteTitle "FM"]
[BlackTitle "GM"]
[WhiteElo "2153"]
[BlackElo "2530"]
[WhiteFideId "5803454"]
[BlackFideId "30953499"]
[EventDate "26.12.2024"]

1. d4 Nf6 2. c4 e6 3. g3 c5 4. d5 exd5 5. cxd5 d6 6. Nc3 g6 7. Bg2 Bg7 8. Nf3
O-O 9. O-O Re8 10. Bf4 Na6 11. Re1 Bg4 12. Nd2 Nh5 13. Be3 Rxe3 14. fxe3 Qe7 15.
Nc4 Nc7 16. a4 Bd7 17. e4 Rd8 18. e3 a6 19. Na5 Be5 20. Rf1 Nf6 21. Nxb7 Rb8 22.
Na5 Rb6 23. b3 Rxb3 24. Qc1 Rb6 25. Rb1 Rxb1 26. Nxb1 Ng4 27. Nc4 Nxh2 28. Nxe5
Nxf1 29. Nxd7 Nxg3 30. Qe1 Nxe4 31. Nb8 Qe8 32. Nc6 Nxd5 33. Qh4 Nef6 34. e4 Ne3
35. Qxf6 Qxc6 36. Nc3 Qb6 37. Qf3 c4 38. Qf2 Qd4 39. Ne2 Qd2 40. Nf4 Qc1+ 41.
Bf1 c3 42. Ne2 Qd2 43. Nf4 Nxf1 44. Kxf1 Qd1+ 45. Qe1 Qf3+ 46. Qf2 Qxe4 47. Ne2
c2 48. Qe1 Qf3+ 49. Qf2 Qxe2+ 0-1

[Event "Mondiale Semilampo FIDE 2024"]
[Site "New York"]
[Date "26.12.2024"]
[Round "1.86"]
[White "Nogerbek, Kazybek"]
[Black "Meylan, Andre"]
[Result "1-0"]
[WhiteTitle "GM"]
[BlackTitle "CM"]
[WhiteElo "2527"]
[BlackElo "2138"]
[WhiteFideId "13710427"]
[BlackFideId "1301225"]
[EventDate "26.12.2024"]

1. d4 Nf6 2. c4 e6 3. Nf3 b6 4. a3 Bb7 5. Nc3 d5 6. cxd5 Nxd5 7. Qc2 Be7 8. e4
Nxc3 9. bxc3 c5 10. Bb5+ Nd7 11. Ne5 Bc8 12. Bc6 Rb8 13. Bf4 O-O 14. Bxd7 Bxd7
15. Nxd7 Qxd7 16. Bxb8 Rxb8 17. dxc5 Bxc5 18. O-O Qc6 19. a4 Bd4 20. Rad1 Qxc3
21. Qxc3 Bxc3 22. Rd7 a6 23. Rc1 Be5 24. Rb7 Ra8 25. Rxb6 g5 26. g3 Bd4 27. Rbc6
Kg7 28. Rc8 Ra7 29. R1c7 Rxc7 30. Rxc7 a5 31. Kf1 Kg6 32. Ke2 h5 33. h3 h4 34.
gxh4 gxh4 35. f4 Kf6 36. Kf3 Kg6 37. Rc6 Kf6 38. Kg4 Bf2 39. e5+ Kg6 40. f5+ 1-0

[Event "Mondiale Semilampo FIDE 2024"]
[Site "New York"]
[Date "26.12.2024"]
[Round "1.87"]
[White "Esquivel Golcher, Luis Enrique"]
[Black "Moroni, Luca Jr"]
[Result "0-1"]
[WhiteTitle "FM"]
[BlackTitle "GM"]
[WhiteElo "2081"]
[BlackElo "2550"]
[WhiteFideId "6600174"]
[BlackFideId "865834"]
[EventDate "26.12.2024"]

1. b3 e5 2. Bb2 Nc6 3. e3 g6 4. c4 Bg7 5. Nc3 Nge7 6. g3 d5 7. cxd5 Nxd5 8. Nxd5
Qxd5 9. f3 O-O 10. Bc4 Qd6 11. Ne2 Na5 12. O-O Nxc4 13. bxc4 Be6 14. Rc1 Rad8
15. d4 exd4 16. exd4 Rfe8 17. Qd2 c6 18. Rfd1 Bc8 19. d5 Qc5+ 20. Kg2 Qe3 21.
Qxe3 0-1

[Event "Mondiale Semilampo FIDE 2024"]
[Site "New York"]
[Date "26.12.2024"]
[Round "1.88"]
[White "Bjerre, Jonas Buhl"]
[Black "Smirnov, Mark"]
[Result "0-1"]
[WhiteTitle "GM"]
[BlackTitle "FM"]
[WhiteElo "2642"]
[BlackElo "2336"]
[WhiteFideId "1444948"]
[BlackFideId "13764594"]
[EventDate "26.12.2024"]

1. e4 e5 2. Nf3 Nc6 3. Bb5 g6 4. c3 a6 5. Ba4 Bg7 6. d4 exd4 7. cxd4 b5 8. Bb3
Nge7 9. O-O O-O 10. Nc3 d6 11. h3 Na5 12. Bc2 c5 13. d5 f5 14. Re1 Nc4 15. Rb1
h6 16. exf5 Nxf5 17. Ne4 Ne5 18. Nxe5 Bxe5 19. Nxc5 Qh4 20. Re4 Qe7 21. Bf4 Qf6
22. Bxe5 dxe5 23. Re1 Nd4 24. Ne4 Qh4 25. Ng3 Bxh3 26. gxh3 Qxh3 27. Re3 Rxf2
28. Kxf2 Qh2+ 29. Kf1 Rf8+ 30. Bf5 Nxf5 31. Nxf5 Rxf5+ 32. Rf3 Qh1+ 33. Kf2
Rxf3+ 34. Qxf3 Qxb1 35. d6 Qxb2+ 36. Kg3 e4 37. Qd1 Qe5+ 38. Kg2 Qg5+ 39. Kh2
Qf4+ 40. Kg1 Qg3+ 41. Kh1 Qh3+ 42. Kg1 Qd7 43. Qd5+ Kf8 44. Qd4 Kf7 45. Qd5+ Kf6
46. Qd4+ Ke6 47. Qxe4+ Kxd6 48. Qxg6+ Qe6 49. Qd3+ Kc5 50. Qc3+ Kb6 51. Qd4+ Ka5
52. Qc3+ Ka4 53. Qd2 Ka3 54. Qa5+ Kb2 55. Qd2+ Kb1 56. a3 Qg6+ 57. Kf1 Qf7+ 58.
Kg1 Qg6+ 59. Kf1 Qf5+ 60. Ke1 Qe6+ 61. Kf1 h5 62. Kg1 Qg4+ 63. Kh2 Qa4 64. Qe1+
Kb2 65. Qe5+ Kxa3 66. Qa1+ Kb3 67. Qb1+ Kc3 68. Qe1+ Kb2 69. Qe5+ Kc1 70. Qg5+
Kb1 71. Qxh5 Qc2+ 72. Kg3 b4 73. Qh1+ Kb2 74. Qb7 a5 75. Qb5 a4 0-1

[Event "Mondiale Semilampo FIDE 2024"]
[Site "New York"]
[Date "26.12.2024"]
[Round "1.89"]
[White "Ahmed, Nidal"]
[Black "Ghaem Maghami, Ehsan"]
[Result "0-1"]
[BlackTitle "GM"]
[WhiteElo "1796"]
[BlackElo "2434"]
[WhiteFideId "11504048"]
[BlackFideId "12500739"]
[EventDate "26.12.2024"]

1. e4 c5 2. Nc3 a6 3. g3 b5 4. Bg2 Bb7 5. d3 b4 6. Nd5 e6 7. Nf4 d6 8. Nf3 Nf6
9. O-O Nbd7 10. a3 a5 11. Re1 e5 12. Ne2 Be7 13. Bg5 O-O 14. Nh4 g6 15. f4 c4
16. h3 Nc5 17. Kh2 Re8 18. Ng1 exf4 19. Bxf4 Nh5 20. Nf5 Nxf4 21. Nxe7+ Qxe7 22.
gxf4 Qf6 23. Qd2 cxd3 24. cxd3 Nb3 25. Qf2 Nxa1 26. Rxa1 b3 27. a4 Rac8 28. Rb1
Rc2 29. Qg3 Qd4 30. f5 Qe5 31. Qxe5 dxe5 32. Kg3 gxf5 0-1

[Event "Mondiale Semilampo FIDE 2024"]
[Site "New York"]
[Date "26.12.2024"]
[Round "1.90"]
[White "Kobalia, Mikhail"]
[Black "Wong, Hayoung"]
[Result "1-0"]
[WhiteTitle "GM"]
[WhiteElo "2543"]
[BlackElo "1704"]
[WhiteFideId "4119150"]
[BlackFideId "13205145"]
[EventDate "26.12.2024"]

1. e4 e5 2. Nf3 Nc6 3. Bb5 a6 4. Ba4 Nf6 5. O-O Be7 6. d3 b5 7. Bb3 d6 8. a3 Bd7
9. Nc3 O-O 10. h3 Na5 11. Ba2 c5 12. Bg5 Qc7 13. Qd2 Nc6 14. Bxf6 Bxf6 15. Nd5
Qd8 16. c3 g6 17. b4 Be6 18. Qe3 Be7 19. Qh6 Bxd5 20. Bxd5 Rc8 21. h4 Bf6 22.
Rfc1 Bg7 23. Qe3 Qe7 24. bxc5 dxc5 25. a4 b4 26. Bxc6 Rxc6 27. cxb4 Rfc8 28. b5
axb5 29. axb5 Rb6 30. Rab1 Bf8 31. Qd2 Rcb8 32. Qc3 Rxb5 33. Rxb5 Rxb5 34. Qxe5
Qxe5 35. Nxe5 Rb3 36. Rd1 Bg7 37. Nc4 Bd4 38. Kf1 Rc3 39. Ke2 Rc2+ 40. Rd2 Rc1
41. Ra2 Kg7 42. g3 Kf6 43. Nd2 Bc3 44. Nf3 h6 45. Nd2 Bxd2 46. Kxd2 Rf1 47. Ke3
Rc1 48. Ra4 Rb1 49. Ra6+ Ke7 50. h5 gxh5 51. Rxh6 Rh1 52. Kf3 Rd1 53. Ke3 Rh1
54. Kf4 f6 55. Kf5 Rf1 56. f4 Rf3 57. Rh7+ Kd6 58. Kxf6 Rxg3 59. e5+ Kd5 60. e6
Re3 61. Rd7+ Kc6 62. Rd8 h4 63. e7 1-0

[Event "Mondiale Semilampo FIDE 2024"]
[Site "New York"]
[Date "26.12.2024"]
[Round "2.1"]
[White "Carlsen, Magnus"]
[Black "Kadric, Denis"]
[Result "1-0"]
[WhiteTitle "GM"]
[BlackTitle "GM"]
[WhiteElo "2831"]
[BlackElo "2544"]
[WhiteFideId "1503014"]
[BlackFideId "14403803"]
[EventDate "26.12.2024"]

1. e4 e5 2. Nf3 Nf6 3. Nxe5 d6 4. Nf3 Nxe4 5. Nc3 Nf6 6. d4 Be7 7. Bd3 O-O 8. h3
Re8 9. O-O Nbd7 10. Re1 h6 11. a4 a5 12. Bf4 Bf8 13. Rxe8 Qxe8 14. Qd2 c6 15.
Re1 Qd8 16. Bg3 Qb6 17. Nh4 Qb4 18. Nf5 Nb6 19. Ne7+ Kh8 20. Qf4 Be6 21. Ng6+
Kg8 22. Nxf8 Rxf8 23. Qxd6 Qxb2 24. Rxe6 fxe6 25. Ne4 Nbd5 26. Qxe6+ Kh8 27. Nd6
Nb4 28. Qe7 Ra8 29. Qxb7 Rf8 30. Qe7 Ra8 31. Nf7+ Kg8 32. Nxh6+ gxh6 33. Qxf6
Nxd3 34. Qg6+ Kh8 35. Qxh6+ Kg8 36. Qg6+ Kh8 37. Qf6+ Kg8 38. cxd3 1-0

[Event "Mondiale Semilampo FIDE 2024"]
[Site "New York"]
[Date "26.12.2024"]
[Round "2.3"]
[White "Vachier-Lagrave, Maxime"]
[Black "Antipov, Mikhail Al."]
[Result "1-0"]
[WhiteTitle "GM"]
[BlackTitle "GM"]
[WhiteElo "2731"]
[BlackElo "2594"]
[WhiteFideId "623539"]
[BlackFideId "4107012"]
[EventDate "26.12.2024"]

1. e4 e5 2. Nf3 Nc6 3. Bb5 Nf6 4. O-O Nxe4 5. d4 Nd6 6. Bxc6 dxc6 7. dxe5 Nf5 8.
Qxd8+ Kxd8 9. h3 h6 10. Nc3 Bd7 11. b3 Kc8 12. Bb2 b6 13. Rad1 a5 14. a4 c5 15.
Rfe1 Ne7 16. Ne2 Bc6 17. e6 Bxf3 18. gxf3 Rh7 19. Nc3 Nf5 20. exf7 Nd4 21. Re8+
Kb7 22. Nb5 g5 23. Bxd4 cxd4 24. Rxa8 Kxa8 25. Nxc7+ Kb8 26. Ne6 Rxf7 27. Rxd4
Bb4 28. Kg2 Rf6 29. Re4 Kc8 30. f4 Kd7 31. Nd4 gxf4 32. Kf3 Bd6 33. c3 Bc7 34.
Re1 Bd6 35. Rg1 Be5 36. Rg7+ Kd6 37. Ke4 f3 38. Nb5+ Ke6 39. Nc7+ Bxc7 40. Rxc7
Kd6 41. Rc4 Rf8 42. b4 axb4 43. cxb4 Rf6 44. b5 Kd7 45. Rc6 1-0

[Event "Mondiale Semilampo FIDE 2024"]
[Site "New York"]
[Date "26.12.2024"]
[Round "2.5"]
[White "Tari, Aryan"]
[Black "Aronian, Levon"]
[Result "0-1"]
[WhiteTitle "GM"]
[BlackTitle "GM"]
[WhiteElo "2629"]
[BlackElo "2747"]
[WhiteFideId "1510045"]
[BlackFideId "13300474"]
[EventDate "26.12.2024"]

1. e4 e5 2. Nf3 Nc6 3. Nc3 Nf6 4. h3 Bb4 5. a3 Bxc3 6. dxc3 Nxe4 7. Nxe5 Nxe5 8.
Qd4 O-O 9. Qxe4 d5 10. Qf4 Ng6 11. Qd4 Bf5 12. Bd3 Bxd3 13. Qxd3 Re8+ 14. Be3
Ne5 15. Qf5 g6 16. Qf4 Nc4 17. O-O-O Nxe3 18. fxe3 Re4 19. Qf3 Qg5 20. Rhf1 Rf8
21. Rd3 c6 22. g4 f5 23. Qg3 fxg4 24. Rxf8+ Kxf8 25. hxg4 Qe5 26. Qh4 Kg7 27.
Rd4 h5 28. Rxe4 Qxe4 29. Qg3 Qxg4 30. Qe5+ Kh6 31. Qh8+ Kg5 32. Qd8+ Kf5 33. Kd2
Qg2+ 34. Kd3 Qe4+ 35. Kd2 h4 36. Qd7+ Kg5 37. Qxb7 h3 38. Qb8 Kg4 39. c4 d4 40.
exd4 Qf4+ 0-1

[Event "Mondiale Semilampo FIDE 2024"]
[Site "New York"]
[Date "26.12.2024"]
[Round "2.6"]
[White "Firouzja, Alireza"]
[Black "Sadhwani, Raunak"]
[Result "0-1"]
[WhiteTitle "GM"]
[BlackTitle "GM"]
[WhiteElo "2763"]
[BlackElo "2673"]
[WhiteFideId "12573981"]
[BlackFideId "35093487"]
[EventDate "26.12.2024"]

1. Nf3 d5 2. b3 Bf5 3. Bb2 e6 4. g3 h6 5. Bg2 Nf6 6. O-O Be7 7. d3 O-O 8. Nbd2
Bh7 9. Re1 a5 10. a3 a4 11. b4 c5 12. b5 Nbd7 13. e4 d4 14. Nc4 Nb6 15. Nfd2
Nfd7 16. e5 Nxc4 17. Nxc4 Qc7 18. Bc1 Nb6 19. Nd6 Nd5 20. Qg4 Bg6 21. Be4 h5 22.
Qh3 Bxd6 23. Bxg6 fxg6 24. Qxe6+ Qf7 25. exd6 Rad8 26. Bg5 Rxd6 27. Qxf7+ Kxf7
28. Re5 Re8 29. Rae1 Rxe5 30. Rxe5 b6 31. Re1 Re6 32. Kf1 Rxe1+ 33. Kxe1 Ke6 34.
Kd2 Kd7 35. Bf4 Nc3 36. Kc1 Nxb5 37. Kb2 Ke6 38. Bb8 g5 39. h3 Nc3 40. f3 Nd5
41. Kc1 h4 42. Kb2 g6 43. Kc1 hxg3 44. Bxg3 Nf4 0-1

[Event "Mondiale Semilampo FIDE 2024"]
[Site "New York"]
[Date "26.12.2024"]
[Round "2.7"]
[White "Abdusattorov, Nodirbek"]
[Black "Volokitin, Andrei"]
[Result "1-0"]
[WhiteTitle "GM"]
[BlackTitle "GM"]
[WhiteElo "2777"]
[BlackElo "2649"]
[WhiteFideId "14204118"]
[BlackFideId "14107090"]
[EventDate "26.12.2024"]

1. e4 c5 2. Nf3 d6 3. Bb5+ Nd7 4. c4 Nf6 5. Nc3 g6 6. O-O Bg7 7. d3 O-O 8. Ba4
Ne5 9. Nxe5 dxe5 10. a3 Nh5 11. Be3 b6 12. b4 cxb4 13. axb4 Bb7 14. g3 f5 15.
exf5 Rxf5 16. Ne4 Nf4 17. Ra3 e6 18. f3 Nh3+ 19. Kg2 Rh5 20. c5 Bd5 21. Bb3 Bh6
22. Bxh6 Rxh6 23. c6 Bxc6 24. Bxe6+ Kg7 25. Bxh3 1-0

[Event "Mondiale Semilampo FIDE 2024"]
[Site "New York"]
[Date "26.12.2024"]
[Round "2.8"]
[White "Ibarra Jerez, Jose Carlos"]
[Black "Dominguez Perez, Leinier"]
[Result "0-1"]
[WhiteTitle "GM"]
[BlackTitle "GM"]
[WhiteElo "2556"]
[BlackElo "2741"]
[WhiteFideId "2226332"]
[BlackFideId "3503240"]
[EventDate "26.12.2024"]

1. e4 c5 2. Nf3 d6 3. d4 cxd4 4. Nxd4 Nf6 5. Nc3 a6 6. g3 e5 7. Nb3 Be7 8. Bg5
Be6 9. Bxf6 Bxf6 10. Qd3 Be7 11. O-O-O Nd7 12. f4 Nf6 13. f5 Bd7 14. Be2 Rc8 15.
g4 Rxc3 16. bxc3 Bc6 17. Bf3 Nd7 18. Kb1 a5 19. Ka1 a4 20. Nd4 exd4 21. cxd4 O-O
22. Rb1 Qa5 23. c3 Rc8 24. h4 Nb6 25. g5 Be8 26. Rhc1 Rc7 27. Qe3 Nc4 28. Qe1
Na3 29. Rb2 Nb5 30. f6 Bf8 31. d5 a3 32. Rb3 Bd7 33. Qd2 Rc5 34. Be2 Qd8 35.
Rcb1 Qa5 36. Rc1 b6 37. Bd3 Nd4 38. Rbb1 Nf3 39. Qf2 Rxc3 40. Be2 Rxc1 41. Rxc1
Qd2 0-1

[Event "Mondiale Semilampo FIDE 2024"]
[Site "New York"]
[Date "26.12.2024"]
[Round "2.9"]
[White "Yu, Yangyi"]
[Black "Dardha, Daniel"]
[Result "1-0"]
[WhiteTitle "GM"]
[BlackTitle "GM"]
[WhiteElo "2724"]
[BlackElo "2639"]
[WhiteFideId "8603820"]
[BlackFideId "240990"]
[EventDate "26.12.2024"]

1. c4 Nf6 2. Nc3 e6 3. d4 Bb4 4. Nf3 b6 5. e3 O-O 6. Bd3 d5 7. cxd5 exd5 8. O-O
Re8 9. Ne5 Bb7 10. f4 c5 11. a3 Bxc3 12. bxc3 Nc6 13. a4 Ne4 14. Ba3 Ne7 15.
Bxe4 dxe4 16. dxc5 f6 17. Nc4 Qxd1 18. Rfxd1 Ba6 19. Nd6 Red8 20. c4 Nc6 21.
Nxe4 Bxc4 22. Rxd8+ Rxd8 23. Rc1 Bd5 24. Nd6 bxc5 25. Bxc5 Bb3 26. Ba3 Ne7 27.
a5 Nd5 28. Kf2 h5 29. g3 Rd7 30. e4 Ne7 31. Ke3 f5 32. Nb5 fxe4 33. Bxe7 Rxe7
34. Rc7 Rxc7 35. Nxc7 Kf7 36. Kxe4 Ke7 37. Ke5 Kd7 38. Nb5 Ba4 39. Nd4 Bd1 40.
Ne6 Kc6 41. Nxg7 Kb5 42. f5 Kxa5 43. f6 Bb3 44. Ne6 1-0

[Event "Mondiale Semilampo FIDE 2024"]
[Site "New York"]
[Date "26.12.2024"]
[Round "2.11"]
[White "Praggnanandhaa, R"]
[Black "Moradiabadi, Elshan"]
[Result "1-0"]
[WhiteTitle "GM"]
[BlackTitle "GM"]
[WhiteElo "2737"]
[BlackElo "2512"]
[WhiteFideId "25059530"]
[BlackFideId "12501255"]
[EventDate "26.12.2024"]

1. d4 Nf6 2. c4 e6 3. Bf4 b6 4. Nf3 Bb7 5. e3 Bd6 6. Bxd6 cxd6 7. Nc3 O-O 8. Bd3
d5 9. cxd5 Nxd5 10. Nxd5 Bxd5 11. e4 Bb7 12. O-O Nc6 13. Rc1 Rc8 14. a3 Ne7 15.
Nd2 Rxc1 16. Qxc1 Qb8 17. Qe1 Qd6 18. Qe3 f5 19. f3 fxe4 20. fxe4 Rxf1+ 21. Bxf1
Ng6 22. g3 Qc7 23. Qc3 Qxc3 24. bxc3 Kf8 25. Kf2 Ke7 26. Ke3 d6 27. Bd3 e5 28.
Nf3 Kf6 29. h4 Bc8 30. Nd2 Be6 31. Be2 Ne7 32. Ba6 Bh3 33. Bb7 Ke6 34. Kf3 h5
35. Ke3 Bg4 36. Nc4 Bh3 37. Nd2 Bg4 38. Kd3 Kd7 39. Ba6 Kc6 40. Bc4 exd4 41.
cxd4 d5 42. exd5+ Nxd5 43. Ke4 Nf6+ 44. Ke5 Nd7+ 45. Kf4 b5 46. Bf7 a5 47. Kg5
Nf8 48. Be8+ Kb6 49. Bxh5 Bxh5 50. Kxh5 a4 51. Kg5 b4 52. Kf5 bxa3 53. Nc4+ Kb5
54. Nxa3+ Kb4 55. Nb1 Kc4 56. d5 Kxd5 57. Nc3+ Kd6 58. Nxa4 Ke7 59. Nc5 Kf7 60.
Ne4 g6+ 61. Ke5 Nd7+ 62. Kd6 Nb6 63. Kc6 Na4 64. Kd6 Nb6 65. Nd2 Nc8+ 66. Ke5
Ne7 67. Ne4 Nc6+ 68. Kd6 Nd4 69. Ke5 Nc6+ 70. Kf4 Nd4 71. g4 Kg7 72. Nc5 Kf6 73.
Ke4 Nc6 74. Nd3 Nd8 75. Kd5 Ne6 76. Ne5 Nf4+ 77. Ke4 Ne6 78. Nd3 Nc7 79. Nb4 Ne6
80. Nd5+ Kg7 81. Ke5 Nc5 82. Nf4 Nd7+ 83. Ke6 Nc5+ 84. Ke5 Nd7+ 85. Kd6 Nf6 86.
g5 Ng4 87. Ke7 Nh2 88. Ne6+ Kg8 89. Kf6 Nf3 90. Nf4 Nxh4 91. Nxg6 1-0

[Event "Mondiale Semilampo FIDE 2024"]
[Site "New York"]
[Date "26.12.2024"]
[Round "2.12"]
[White "Nesterov, Arseniy"]
[Black "Giri, Anish"]
[Result "0-1"]
[WhiteTitle "GM"]
[BlackTitle "GM"]
[WhiteElo "2599"]
[BlackElo "2733"]
[WhiteFideId "24198455"]
[BlackFideId "24116068"]
[EventDate "26.12.2024"]

1. d4 d6 2. e4 Nf6 3. Nc3 g6 4. Bf4 Bg7 5. Qd2 c6 6. Bh6 Bxh6 7. Qxh6 e5 8.
O-O-O Qe7 9. f3 Nbd7 10. h4 b5 11. g4 b4 12. Nce2 Nb6 13. h5 Be6 14. hxg6 fxg6
15. Qd2 O-O 16. Qxb4 c5 17. dxc5 dxc5 18. Qc3 Rab8 19. b3 Nfd7 20. Kd2 c4 21.
Ke1 cxb3 22. cxb3 Rbc8 23. Qe3 a5 24. Nh3 Qb4+ 25. Qd2 Qxd2+ 26. Rxd2 h6 27. Bg2
a4 28. Nf2 axb3 29. axb3 Kg7 30. Nd3 Bxb3 31. Rb2 Bc4 32. Rd2 Bxd3 33. Rxd3 Nc5
34. Rc3 Nba4 35. Ra3 Rc7 36. Kf2 Nxe4+ 37. Ke3 Nec3 38. Nxc3 Nxc3 39. Ra5 Re8
40. Rha1 Ree7 41. Bf1 e4 42. f4 Red7 43. Re5 Nd1+ 44. Kxe4 Rc3 45. Rd5 Nf2+ 46.
Kd4 Rxd5+ 47. Kxd5 Nxg4 48. Kd4 Rc7 49. Ra6 Rd7+ 50. Ke4 Re7+ 51. Kd4 Rf7 52.
Ke4 Nf6+ 53. Kd4 Nh5 54. Bd3 Nxf4 55. Bc2 Re7 56. Rc6 h5 57. Be4 h4 58. Ke3 Nd5+
59. Kf3 Rf7+ 60. Kg2 Nf4+ 61. Kf3 Ne6+ 62. Kg2 Rf6 63. Rc3 Kh6 64. Bc2 Nf4+ 65.
Kh2 Rd6 66. Rc4 Kg5 67. Rc5+ Kg4 68. Bd1+ Rxd1 69. Rg5+ Kf3 0-1

[Event "Mondiale Semilampo FIDE 2024"]
[Site "New York"]
[Date "26.12.2024"]
[Round "2.13"]
[White "Dubov, Daniil"]
[Black "Aravindh, Chithambaram VR."]
[Result "1-0"]
[WhiteTitle "GM"]
[BlackTitle "GM"]
[WhiteElo "2693"]
[BlackElo "2718"]
[WhiteFideId "24126055"]
[BlackFideId "5072786"]
[EventDate "26.12.2024"]

1. d4 d5 2. c4 e6 3. Nf3 Nf6 4. g3 h6 5. Bg2 Bd6 6. O-O O-O 7. b3 Nc6 8. Bb2 b6
9. Nbd2 Rb8 10. Rc1 dxc4 11. e4 Be7 12. bxc4 Nb4 13. Qb3 c5 14. a3 Nc6 15. d5
Na5 16. Qc2 exd5 17. cxd5 Re8 18. Rfd1 Bf8 19. e5 Nh7 20. Ne4 Bg4 21. h3 Bh5 22.
g4 Bg6 23. e6 fxe6 24. dxe6 Qc8 25. Ne5 Rxe6 26. Nxg6 Rxg6 27. Ng3 Re6 28. Bd5
Ng5 29. Qf5 Rb7 30. Re1 Re7 31. Rxe6 Nxe6 32. Re1 1-0

[Event "Mondiale Semilampo FIDE 2024"]
[Site "New York"]
[Date "26.12.2024"]
[Round "2.15"]
[White "Moroni, Luca Jr"]
[Black "Sindarov, Javokhir"]
[Result "0-1"]
[WhiteTitle "GM"]
[BlackTitle "GM"]
[WhiteElo "2550"]
[BlackElo "2682"]
[WhiteFideId "865834"]
[BlackFideId "14205483"]
[EventDate "26.12.2024"]

1. c4 e6 2. g3 d5 3. Bg2 Nf6 4. Nf3 Be7 5. O-O O-O 6. d3 c5 7. Ne5 Qc7 8. f4 Rd8
9. Nc3 a6 10. Qc2 d4 11. Nd1 Nbd7 12. Nf3 Nf8 13. e4 dxe3 14. Nxe3 b6 15. b3 Bb7
16. Bb2 Ne8 17. Rad1 Bf6 18. Ne5 Ng6 19. N3g4 Bxe5 20. Nxe5 Ne7 21. Bxb7 Qxb7
22. Qg2 Qxg2+ 23. Kxg2 Rd6 24. Rd2 Rad8 25. Rfd1 Nf6 26. Kf3 h5 27. h3 Nd7 28.
d4 b5 29. Bc3 cxd4 30. Rxd4 Rxd4 31. Rxd4 Nxe5+ 32. fxe5 Rc8 33. g4 Nc6 34. Rd6
bxc4 35. bxc4 Ne7 36. Rxa6 Rxc4 37. Ra3 hxg4+ 38. hxg4 Kh7 39. Bd2 Nc6 40. Bc3
Kg6 41. Rb3 Rc5 42. Ke4 Kg5 43. a4 Rc4+ 44. Kd3 Rxa4 45. Rb6 Ne7 46. Rb7 Nd5 47.
Bd2+ Kg6 48. g5 Rh4 49. Ra7 Rh2 50. Rb7 Rf2 51. Ra7 Nf4+ 52. Ke3 Re2+ 53. Kxf4
Rxd2 54. Kf3 Rd1 55. Kf4 Rf1+ 56. Kg4 Rf5 0-1

[Event "Mondiale Semilampo FIDE 2024"]
[Site "New York"]
[Date "26.12.2024"]
[Round "2.16"]
[White "Sarana, Alexey"]
[Black "Vokhidov, Shamsiddin"]
[Result "1/2-1/2"]
[WhiteTitle "GM"]
[BlackTitle "GM"]
[WhiteElo "2674"]
[BlackElo "2681"]
[WhiteFideId "24133795"]
[BlackFideId "14204223"]
[EventDate "26.12.2024"]

1. d4 Nf6 2. c4 e6 3. Nc3 Bb4 4. Nf3 b6 5. e3 O-O 6. Bd3 Bb7 7. O-O c5 8. Re1 d6
9. e4 cxd4 10. Nxd4 Nc6 11. Nxc6 Bxc6 12. Bd2 Bc5 13. Be3 Rc8 14. h3 Bb7 15. Qd2
Bxe3 16. Rxe3 d5 17. exd5 exd5 18. cxd5 Nxd5 19. Rg3 Nxc3 20. Qh6 g6 21. Bxg6
Ne2+ 22. Kh2 fxg6 23. Rxg6+ hxg6 24. Qxg6+ Kh8 1/2-1/2

[Event "Mondiale Semilampo FIDE 2024"]
[Site "New York"]
[Date "26.12.2024"]
[Round "2.17"]
[White "Ivanchuk, Vasyl"]
[Black "Dlugy, Maxim"]
[Result "1-0"]
[WhiteTitle "GM"]
[BlackTitle "GM"]
[WhiteElo "2630"]
[BlackElo "2514"]
[WhiteFideId "14100010"]
[BlackFideId "2000075"]
[EventDate "26.12.2024"]

1. Nf3 d5 2. c4 dxc4 3. Qa4+ Nc6 4. g3 Nf6 5. Bg2 Nd7 6. Qxc4 Nb6 7. Qh4 Bf5 8.
Nc3 e5 9. Qxd8+ Rxd8 10. d3 f6 11. Be3 Be6 12. O-O Nd5 13. Bd2 Be7 14. Rfc1 O-O
15. Ne4 Rd7 16. a3 Nd4 17. Nxd4 exd4 18. Nc5 Bxc5 19. Rxc5 Re8 20. b4 c6 21. Bf3
Nc7 22. a4 Bd5 23. Bxd5+ Rxd5 24. Rxd5 Nxd5 25. Kf1 a6 26. Rc1 Rd8 27. b5 axb5
28. axb5 cxb5 29. Rc5 b4 30. Rb5 Rd7 31. Bxb4 Nxb4 32. Rxb4 Kf7 33. Rb6 Ke7 34.
Ke1 Kd8 35. Kd2 Kc7 36. Re6 Rd6 37. Re8 Kc6 38. Kc2 Rd7 39. Kb3 Kb5 40. h4 b6
41. g4 Rd5 42. Re7 Re5 43. Rxg7 Rxe2 44. Rxh7 Rxf2 45. Rh5+ Kc6 46. Rf5 Rg2 47.
Rxf6+ Kd5 48. Rg6 b5 49. h5 Rg3 50. h6 Rxd3+ 51. Kb2 Kc4 52. Rc6+ Kb4 53. g5
Rd2+ 54. Kc1 Rh2 55. Rc8 Kb3 56. g6 Rh1+ 57. Kd2 Rh2+ 58. Kd3 Rxh6 59. g7 Rh3+
60. Kxd4 Rh4+ 61. Ke3 Rg4 62. g8=Q+ Rxg8 63. Rxg8 b4 64. Kd2 Kb2 65. Rb8 b3 66.
Rb7 1-0

[Event "Mondiale Semilampo FIDE 2024"]
[Site "New York"]
[Date "26.12.2024"]
[Round "2.18"]
[White "Robson, Ray"]
[Black "Durarbayli, Vasif"]
[Result "1/2-1/2"]
[WhiteTitle "GM"]
[BlackTitle "GM"]
[WhiteElo "2700"]
[BlackElo "2622"]
[WhiteFideId "2023970"]
[BlackFideId "13402935"]
[EventDate "26.12.2024"]

1. d4 d5 2. c4 c6 3. Nf3 Nf6 4. h3 e6 5. e3 c5 6. Nc3 Nc6 7. cxd5 exd5 8. Bb5
cxd4 9. exd4 Bd6 10. O-O O-O 11. Re1 Qb6 12. a4 h6 13. Be3 Bf5 14. Ne5 Bh7 15.
Qd2 Nb4 16. a5 Qd8 17. Rec1 a6 18. Bf1 Rc8 19. Bf4 Qe7 20. Ra4 Ne4 21. Nxe4 Bxe4
22. Bg3 Rxc1 23. Qxc1 Bf5 24. Qd2 Rc8 25. Nxf7 Bxg3 26. fxg3 Rc2 27. Qxb4 Qxf7
28. Qe1 Be4 29. Ra1 Rxb2 30. Rc1 Qf6 31. Qe3 b5 32. axb6 Qxb6 33. h4 a5 34. h5
Qf6 35. Rc8+ Kh7 36. Bd3 Qf5 37. Bxe4 Qxe4 38. Qxe4+ dxe4 39. Rc3 Rd2 40. Ra3
Rxd4 41. Rxa5 e3 42. Re5 Rg4 43. Kh2 e2 44. Rxe2 Rg5 1/2-1/2